<?xml version="1.0" encoding="UTF-8"?>
<record
    xmlns:xsi="http://www.w3.org/2001/XMLSchema-instance"
    xsi:schemaLocation="http://www.loc.gov/MARC21/slim http://www.loc.gov/standards/marcxml/schema/MARC21slim.xsd"
    xmlns="http://www.loc.gov/MARC21/slim">

  <leader>00979nas a2200253 454500</leader>
  <controlfield tag="001">5369</controlfield>
  <controlfield tag="005">20260407193504.0</controlfield>
  <controlfield tag="008">260407s1972####ag###########|||spa#d</controlfield>
  <controlfield tag="003">AR-UNSa-BCEJYS</controlfield>
  <datafield tag="040" ind1=" " ind2=" ">
    <subfield code="a">AR-UNSa-BCEJYS</subfield>
    <subfield code="b">spa</subfield>
    <subfield code="c">AR-UNSa-BCEJYS</subfield>
  </datafield>
  <datafield tag="080" ind1=" " ind2=" ">
    <subfield code="a">339.96</subfield>
    <subfield code="x">Ayuda al desarrollo como forma de cooperaci&#xF3;n econ&#xF3;mica</subfield>
  </datafield>
  <datafield tag="245" ind1="1" ind2="0">
    <subfield code="a">Derecho de la integraci&#xF3;n</subfield>
  </datafield>
  <datafield tag="264" ind1=" " ind2="1">
    <subfield code="a">Buenos Aires :</subfield>
    <subfield code="b">Instituto para la Integraci&#xF3;n de Am&#xE9;rica Latina (INTAL)</subfield>
    <subfield code="c">1972</subfield>
  </datafield>
  <datafield tag="310" ind1=" " ind2=" ">
    <subfield code="a">Frecuencia: Cuatrimestral
Cambia de Director a partir del Vol 8, N&#xBA; 20, por Eduardo White</subfield>
  </datafield>
  <datafield tag="942" ind1=" " ind2=" ">
    <subfield code="c">SER</subfield>
  </datafield>
  <datafield tag="590" ind1=" " ind2=" ">
    <subfield code="a">niveau_biblio:s niveau_hierar:1</subfield>
  </datafield>
  <datafield tag="100" ind1="1" ind2=" ">
    <subfield code="a">Pe&#xF1;a, F&#xE9;lix</subfield>
  </datafield>
  <datafield tag="650" ind1=" " ind2=" ">
    <subfield code="a">Desarrollo econ&#xF3;mico y social</subfield>
  </datafield>
  <datafield tag="650" ind1=" " ind2=" ">
    <subfield code="a">Relaciones internacionales</subfield>
  </datafield>
  <datafield tag="650" ind1=" " ind2=" ">
    <subfield code="a">Integraci&#xF3;n econ&#xF3;mica</subfield>
  </datafield>
  <datafield tag="650" ind1=" " ind2=" ">
    <subfield code="a">Cooperaci&#xF3;n internacional</subfield>
  </datafield>
  <datafield tag="650" ind1=" " ind2=" ">
    <subfield code="a">ECONOMIA</subfield>
  </datafield>
  <datafield tag="856" ind1="4" ind2="1">
    <subfield code="u">https://biblioeco.unsa.edu.ar/pmb/images/revistas/Derecho de la Integracion.jpg</subfield>
    <subfield code="y">Imagen de portada</subfield>
    <subfield code="q">image/jpeg</subfield>
  </datafield>
  <datafield tag="999" ind1=" " ind2=" ">
    <subfield code="c">8423</subfield>
    <subfield code="d">8423</subfield>
  </datafield>
  <datafield tag="952" ind1=" " ind2=" ">
    <subfield code="0">0</subfield>
    <subfield code="1">0</subfield>
    <subfield code="4">0</subfield>
    <subfield code="7">0</subfield>
    <subfield code="a">BCEJYS</subfield>
    <subfield code="b">BCEJYS</subfield>
    <subfield code="c">17</subfield>
    <subfield code="d">1978-11-01</subfield>
    <subfield code="h">Vol. 11, N&#xBA; 28/29 - nov. 1978</subfield>
    <subfield code="l">0</subfield>
    <subfield code="o">H339.96 DER 28/29</subfield>
    <subfield code="p">R04419</subfield>
    <subfield code="r">2026-04-10 16:06:55</subfield>
    <subfield code="w">2026-04-10</subfield>
    <subfield code="y">RN</subfield>
  </datafield>
  <datafield tag="952" ind1=" " ind2=" ">
    <subfield code="0">0</subfield>
    <subfield code="1">0</subfield>
    <subfield code="4">0</subfield>
    <subfield code="7">0</subfield>
    <subfield code="a">BCEJYS</subfield>
    <subfield code="b">BCEJYS</subfield>
    <subfield code="c">17</subfield>
    <subfield code="d">1978-03-01</subfield>
    <subfield code="h">Vol. 11, N&#xBA; 27 - mar. 1978</subfield>
    <subfield code="l">0</subfield>
    <subfield code="o">H339.96 DER 27</subfield>
    <subfield code="p">R04418</subfield>
    <subfield code="r">2026-04-10 16:06:55</subfield>
    <subfield code="w">2026-04-10</subfield>
    <subfield code="y">RN</subfield>
  </datafield>
  <datafield tag="952" ind1=" " ind2=" ">
    <subfield code="0">0</subfield>
    <subfield code="1">0</subfield>
    <subfield code="4">0</subfield>
    <subfield code="7">0</subfield>
    <subfield code="a">BCEJYS</subfield>
    <subfield code="b">BCEJYS</subfield>
    <subfield code="c">17</subfield>
    <subfield code="d">1977-11-01</subfield>
    <subfield code="h">Vol. 10, N&#xBA; 25/26 - nov. 1977</subfield>
    <subfield code="l">0</subfield>
    <subfield code="o">H339.96 DER 25/26</subfield>
    <subfield code="p">R04417</subfield>
    <subfield code="r">2026-04-10 16:06:55</subfield>
    <subfield code="w">2026-04-10</subfield>
    <subfield code="y">RN</subfield>
  </datafield>
  <datafield tag="952" ind1=" " ind2=" ">
    <subfield code="0">0</subfield>
    <subfield code="1">0</subfield>
    <subfield code="4">0</subfield>
    <subfield code="7">0</subfield>
    <subfield code="a">BCEJYS</subfield>
    <subfield code="b">BCEJYS</subfield>
    <subfield code="c">17</subfield>
    <subfield code="d">1977-03-01</subfield>
    <subfield code="h">Vol. 10, N&#xBA; 24 - mar. 1977</subfield>
    <subfield code="l">0</subfield>
    <subfield code="o">H339.96 DER 24</subfield>
    <subfield code="p">R04416</subfield>
    <subfield code="r">2026-04-10 16:06:55</subfield>
    <subfield code="w">2026-04-10</subfield>
    <subfield code="y">RN</subfield>
  </datafield>
  <datafield tag="952" ind1=" " ind2=" ">
    <subfield code="0">0</subfield>
    <subfield code="1">0</subfield>
    <subfield code="4">0</subfield>
    <subfield code="7">0</subfield>
    <subfield code="a">BCEJYS</subfield>
    <subfield code="b">BCEJYS</subfield>
    <subfield code="c">17</subfield>
    <subfield code="d">1976-07-01</subfield>
    <subfield code="h">Vol. 9, N&#xBA; 22/23 - jul./nov. 1976</subfield>
    <subfield code="l">0</subfield>
    <subfield code="o">H339.96 DER 22/23</subfield>
    <subfield code="p">R04415</subfield>
    <subfield code="r">2026-04-10 16:06:55</subfield>
    <subfield code="w">2026-04-10</subfield>
    <subfield code="y">RN</subfield>
  </datafield>
  <datafield tag="952" ind1=" " ind2=" ">
    <subfield code="0">0</subfield>
    <subfield code="1">0</subfield>
    <subfield code="4">0</subfield>
    <subfield code="7">0</subfield>
    <subfield code="a">BCEJYS</subfield>
    <subfield code="b">BCEJYS</subfield>
    <subfield code="c">17</subfield>
    <subfield code="d">1976-03-01</subfield>
    <subfield code="h">Vol. 9, N&#xBA; 21 - mar. 1976</subfield>
    <subfield code="l">0</subfield>
    <subfield code="o">H339.96 DER 21</subfield>
    <subfield code="p">R04414</subfield>
    <subfield code="r">2026-04-10 16:06:55</subfield>
    <subfield code="w">2026-04-10</subfield>
    <subfield code="y">RN</subfield>
  </datafield>
  <datafield tag="952" ind1=" " ind2=" ">
    <subfield code="0">0</subfield>
    <subfield code="1">0</subfield>
    <subfield code="4">0</subfield>
    <subfield code="7">0</subfield>
    <subfield code="a">BCEJYS</subfield>
    <subfield code="b">BCEJYS</subfield>
    <subfield code="c">17</subfield>
    <subfield code="d">1975-11-01</subfield>
    <subfield code="h">Vol. 8, N&#xBA; 20 - nov. 1975</subfield>
    <subfield code="l">0</subfield>
    <subfield code="o">H339.96 DER 20</subfield>
    <subfield code="p">R04413</subfield>
    <subfield code="r">2026-04-10 16:06:55</subfield>
    <subfield code="w">2026-04-10</subfield>
    <subfield code="y">RN</subfield>
  </datafield>
  <datafield tag="952" ind1=" " ind2=" ">
    <subfield code="0">0</subfield>
    <subfield code="1">0</subfield>
    <subfield code="4">0</subfield>
    <subfield code="7">0</subfield>
    <subfield code="a">BCEJYS</subfield>
    <subfield code="b">BCEJYS</subfield>
    <subfield code="c">17</subfield>
    <subfield code="d">1975-03-01</subfield>
    <subfield code="h">Vol. 8, N&#xBA; 18/19 - mar./jul. 1975</subfield>
    <subfield code="l">0</subfield>
    <subfield code="o">H339.96 DER 18/19</subfield>
    <subfield code="p">R04412</subfield>
    <subfield code="r">2026-04-10 16:06:55</subfield>
    <subfield code="w">2026-04-10</subfield>
    <subfield code="y">RN</subfield>
  </datafield>
  <datafield tag="952" ind1=" " ind2=" ">
    <subfield code="0">0</subfield>
    <subfield code="1">0</subfield>
    <subfield code="4">0</subfield>
    <subfield code="7">0</subfield>
    <subfield code="a">BCEJYS</subfield>
    <subfield code="b">BCEJYS</subfield>
    <subfield code="c">17</subfield>
    <subfield code="d">1974-11-01</subfield>
    <subfield code="h">Vol. 7, N&#xBA; 17 - nov. 1974</subfield>
    <subfield code="l">0</subfield>
    <subfield code="o">H339.96 DER 17</subfield>
    <subfield code="p">R04411</subfield>
    <subfield code="r">2026-04-10 16:06:55</subfield>
    <subfield code="w">2026-04-10</subfield>
    <subfield code="y">RN</subfield>
  </datafield>
  <datafield tag="952" ind1=" " ind2=" ">
    <subfield code="0">0</subfield>
    <subfield code="1">0</subfield>
    <subfield code="4">0</subfield>
    <subfield code="7">0</subfield>
    <subfield code="a">BCEJYS</subfield>
    <subfield code="b">BCEJYS</subfield>
    <subfield code="c">17</subfield>
    <subfield code="d">1974-07-01</subfield>
    <subfield code="h">Vol. 7, N&#xBA; 16 - jul. 1974</subfield>
    <subfield code="l">0</subfield>
    <subfield code="o">H339.96 DER 16</subfield>
    <subfield code="p">R04410</subfield>
    <subfield code="r">2026-04-10 16:06:55</subfield>
    <subfield code="w">2026-04-10</subfield>
    <subfield code="y">RN</subfield>
  </datafield>
  <datafield tag="952" ind1=" " ind2=" ">
    <subfield code="0">0</subfield>
    <subfield code="1">0</subfield>
    <subfield code="4">0</subfield>
    <subfield code="7">0</subfield>
    <subfield code="a">BCEJYS</subfield>
    <subfield code="b">BCEJYS</subfield>
    <subfield code="c">17</subfield>
    <subfield code="d">1974-03-01</subfield>
    <subfield code="h">Vol. 7, N&#xBA; 15 - mar. 1974</subfield>
    <subfield code="l">0</subfield>
    <subfield code="o">H339.96 DER 15</subfield>
    <subfield code="p">R04409</subfield>
    <subfield code="r">2026-04-10 16:06:55</subfield>
    <subfield code="w">2026-04-10</subfield>
    <subfield code="y">RN</subfield>
  </datafield>
  <datafield tag="952" ind1=" " ind2=" ">
    <subfield code="0">0</subfield>
    <subfield code="1">0</subfield>
    <subfield code="4">0</subfield>
    <subfield code="7">0</subfield>
    <subfield code="a">BCEJYS</subfield>
    <subfield code="b">BCEJYS</subfield>
    <subfield code="c">17</subfield>
    <subfield code="d">1973-11-01</subfield>
    <subfield code="h">Vol. 6, N&#xBA; 14 - nov. 1973</subfield>
    <subfield code="l">0</subfield>
    <subfield code="o">H339.96 DER 14</subfield>
    <subfield code="p">R04408</subfield>
    <subfield code="r">2026-04-10 16:06:55</subfield>
    <subfield code="w">2026-04-10</subfield>
    <subfield code="y">RN</subfield>
  </datafield>
  <datafield tag="952" ind1=" " ind2=" ">
    <subfield code="0">0</subfield>
    <subfield code="1">0</subfield>
    <subfield code="4">0</subfield>
    <subfield code="7">0</subfield>
    <subfield code="a">BCEJYS</subfield>
    <subfield code="b">BCEJYS</subfield>
    <subfield code="c">17</subfield>
    <subfield code="d">1973-07-01</subfield>
    <subfield code="h">Vol. 6, N&#xBA; 13 - jul. 1973</subfield>
    <subfield code="l">0</subfield>
    <subfield code="o">H339.96 DER 13</subfield>
    <subfield code="p">R04407</subfield>
    <subfield code="r">2026-04-10 16:06:55</subfield>
    <subfield code="w">2026-04-10</subfield>
    <subfield code="y">RN</subfield>
  </datafield>
  <datafield tag="952" ind1=" " ind2=" ">
    <subfield code="0">0</subfield>
    <subfield code="1">0</subfield>
    <subfield code="4">0</subfield>
    <subfield code="7">0</subfield>
    <subfield code="a">BCEJYS</subfield>
    <subfield code="b">BCEJYS</subfield>
    <subfield code="c">17</subfield>
    <subfield code="d">1972-10-01</subfield>
    <subfield code="h">N&#xBA; 11 - oct. 1972</subfield>
    <subfield code="l">0</subfield>
    <subfield code="o">H339.96 DER 11</subfield>
    <subfield code="p">R04406</subfield>
    <subfield code="r">2026-04-10 16:06:55</subfield>
    <subfield code="w">2026-04-10</subfield>
    <subfield code="y">RN</subfield>
  </datafield>
</record>
